000 00587nam a2200157Ia 4500
008 210719s2007 xx 000 0 und d
041 _aeng
082 _a658.8 ABOC
100 _aABOOBACKER (Waheeb)
245 _aConsumer behaviour towards vacuum cleaners with reference to eureka forbes ltd
260 _aMangalore
_bDepartment of Business Management St Aloysius College
_c2007
300 _a62
_bHB
650 _aManagement
650 _aProject Reports
906 _aBBM Project ; behaviour ; cleaners ; Consumer ; Eureka ; Forbes ; Ltd ; reference ; to ; towards ; vacuum ; with
999 _c214439
_d214439